Speed Typing Challenge - Statistics

General Stats
  • This quiz has been taken 157 times
  • The average score is 15 of 15
Answer Stats
Word Answer % Correct
am am
100%
add add
99%
arm arm
99%
ash ash
99%
bat bat
99%
tea tea
99%
awe awe
98%
farm farm
98%
wall wall
98%
came came
97%
marry marry
97%
apple apple
96%
kayak kayak
95%
actual actual
93%
balance balance
93%
No matching quizzes found
Score Distribution
Percent of People with Each Score
Percentile by Number Answered
Your Score History
You have not taken this quiz